| 000 | 00899nas a2200301 4500 | ||
|---|---|---|---|
| 001 | BR0401621 | ||
| 003 | BR-BrBNA | ||
| 005 | 20231205104500.0 | ||
| 007 | ta | ||
| 008 | 230509b bl.|||p| |||| 00| 00por d | ||
| 040 |
_aBR-BrBNA _bpor _cBiblioteca Nacional de Agricultura |
||
| 041 | _a(Pt) | ||
| 072 | _aH10 | ||
| 100 | 1 | _aAlmeida Filho, A.J. de | |
| 100 | 1 | _aFontes, L. da S. | |
| 245 | 1 | _aEstudo da formicifauna de poneríneos para os gêneros: Ectatomma, Pachycondila e Odontomachus em Teresina, Piauí, Brasil | |
| 650 | _aFORMIGA | ||
| 650 | _aLEVANTAMENTO | ||
| 650 | _aBIOLOGIA | ||
| 650 | _aMÉTODO | ||
| 650 | _aPARQUE | ||
| 650 | _aZONA RURAL | ||
| 650 | _aZONA URBANA | ||
| 650 | _aPIAUÍ | ||
| 773 | 0 |
_tRevista de Agricultura (Brazil) _xISSN 0034-7655 _g(Dec 2002), v. 77(3) p. 401-408 _wBR0401621 |
|
| 909 |
_a202311 _bLúcia _c55 _dLúcia Elande |
||
| 942 |
_2AGRIS _n0 _cANA |
||
| 999 |
_c178351 _d178351 |
||